Meilleur defense spe 4g - Statistiques

Statistiques générales
  • Ce quiz a été pris 6 fois
  • Le résultat moyen est 20 sur 27
Statistiques - réponses
Hint Réponse % Correct
120 arceus
100%
116 archeodong
100%
105 cheniselle
100%
105 crefollet
100%
130 crehelf
100%
130 cresselia
100%
100 dialga
100%
120 giratina alternative
100%
100 giratina origin
100%
106 heatran
100%
100 manaphy
100%
135 noctunoir
100%
120 palkia
100%
101 pingoleon
100%
100 shaymin
100%
102 apireine
50%
138 bastiodon
50%
115 gallame/mega gallame
50%
105 magireve
50%
105 mega blizzaroi
50%
107 motisma
50%
110 regigigas
50%
150 tarinorme
50%
115 togekiss
50%
120 babimanta
0%
105 roserade
0%
108 spiritomb
0%
Aucun quiz correspondant
Distribution des résultats
% des personnes avec chaque résultat
Percentile par nombre de réponses
Votre historique - résultats
Vous n’avez pas pris ce quiz